000 00550nam a2200145Ia 4500
008 230917s9999||||xx |||||||||||||| ||und||
040 _e37027
_aMAIN
041 _aEnglish
082 _a352.054 S71P
100 _aSeshadri, K
245 0 _aPolitical linkages and rural development: A comparative study of the political processes and interactions between different processes and interaction between different levels of government in two Indian states
260 _aNew Delhi
_bNational Publishing House
_c1976
300 _avi, 233 p.
942 _cBK
999 _c166316
_d166316